| 000 | 00381nam a22001697a 4500 | ||
|---|---|---|---|
| 005 | 20170909122953.0 | ||
| 008 | 160905b xxu||||| |||| 00| 0 eng d | ||
| 020 | _a978-93-5078-100-5 | ||
| 041 | _aeng | ||
| 082 | _a630 | ||
| 100 |
_aGupta,P.K _93516 |
||
| 245 | _aPlant Biotechnology | ||
| 260 |
_bRastogi _c2016 |
||
| 300 | _a659 | ||
| 650 |
_aAgricultural _93475 |
||
| 942 | _cBK | ||
| 999 |
_c5217 _d5215 |
||